| 000 | 00440nam a2200181Ia 4500 | ||
|---|---|---|---|
| 003 | OSt | ||
| 005 | 20220826142958.0 | ||
| 008 | 210210b1958 xxu||||| |||| 00| 0 eng d | ||
| 040 | _cAL | ||
| 041 | _aeng | ||
| 082 | _a825/442 | ||
| 100 |
_aHUDSON (Derek) Ed _955633 |
||
| 245 | _aEnglish critical essays | ||
| 260 |
_aLondon _bOxford University Press _c1958 |
||
| 690 |
_aEnglish Criticism _955634 |
||
| 906 | _a014758 | ||
| 942 |
_2ddc _cBK |
||
| 999 |
_c133977 _d133977 |
||